|
|
|
|
| LEADER |
00000nam a2200000 a 4500 |
| 001 |
vtls008945881 |
| 003 |
SK-MaSNL |
| 005 |
20260331204853.0 |
| 008 |
251120s2007 xo a j f000 0 slo |
| 013 |
|
|
|a 285480
|b SK
|c patent
|d 20070201
|e dátum nadobudnutia účinkov patentu (Vestník ÚPV SR č.: 2/2007)
|d 20070117
|e dátum sprístupnenia patentu
|
| 013 |
|
|
|a 482-2001
|e číslo prihlášky
|d 20010409
|e dátum podania prihlášky
|d 20020702
|e dátum zverejnenia prihlášky (Vestník ÚPV SR č.: 07/2002)
|
| 013 |
|
|
|a 100 19 306.4
|e číslo prioritnej prihlášky
|d 20000419
|e dátum podania prioritnej prihlášky
|b DE
|e kód krajiny prioritnej prihlášky
|
| 015 |
|
|
|a SNBN2013
|
| 040 |
|
|
|a SNK
|b slo
|c SNK
|e AACR2
|
| 072 |
|
7 |
|a 621
|x Strojárstvo
|2 konspekt
|
| 072 |
|
7 |
|a 669
|x Metalurgia
|2 konspekt
|
| 080 |
|
|
|a 621.746.58
|2 2001
|
| 080 |
|
|
|a 669-15
|2 2001
|
| 080 |
|
|
|a 621.746.6-034.7
|2 2001
|
| 080 |
|
|
|a 669.7
|2 2001
|
| 084 |
|
|
|a C21D 1/62
|2 ICP
|
| 084 |
|
|
|a C22F 1/00
|2 ICP
|
| 100 |
1 |
|
|a Stika, Peter,
|c Dr.
|4 org
|9 742736
|
| 245 |
1 |
0 |
|a Spôsob riadeného ochladzovania odliatkov z ľahkých kovov v kvapalinovom kúpeli
|c Peter Stika, Johann Preisinger, Johann Huber ; zástupca. Eva Bušová
|
| 260 |
|
|
|a [Banská Bystrica]
|b Úrad priemyselného vlastníctva Slovenskej republiky
|c [2007]
|
| 300 |
|
|
|a 4 s.
|b obr.
|c 30 cm
|
| 650 |
0 |
7 |
|a metalurgia
|2 SNKPH
|9 941
|
| 650 |
0 |
7 |
|a ochladzovanie
|2 SNKPH
|9 742737
|
| 650 |
0 |
7 |
|a Founding
|2 SNKPHeng
|9 300887
|
| 650 |
0 |
7 |
|a odliatky
|2 SNKPH
|9 22206
|
| 650 |
0 |
7 |
|a metal castings
|2 SNKPHeng
|9 343268
|
| 650 |
0 |
7 |
|a Light metals
|2 SNKPHeng
|9 356898
|
| 650 |
0 |
7 |
|a ľahké kovy
|2 SNKPH
|9 51435
|
| 655 |
|
7 |
|a patenty
|2 SNKPH
|9 177343
|
| 655 |
|
7 |
|a patent licenses
|2 SNKPHeng
|9 303430
|
| 700 |
1 |
|
|a Preisinger, Johann
|4 org
|9 699138
|
| 700 |
1 |
|
|a Huber, Johann
|4 org
|9 742738
|
| 700 |
1 |
|
|a Bušová, Eva
|4 oth
|9 297878
|
| 710 |
2 |
0 |
|a VAW mandl & berger GmbH (Linz, Rakúsko)
|4 pth
|9 539387
|
| 999 |
|
|
|c 1169972
|d 1171902
|
| 952 |
|
|
|a SNK
|b SNK
|y PREZ
|7 0
|p 17A0539709
|o snkSK 285480
|i snk2007/4316
|8 0
|0 0
|1 0
|4 0
|d 2007-02-14
|l 0
|r 2026-02-24 21:00:56
|w 2026-02-24
|